| 000 | 00597nam a2200181 c 4500 | ||
|---|---|---|---|
| 003 | DO-SdBNP | ||
| 005 | 20230426084119.0 | ||
| 006 | a||||gr|||| 00| 0 | ||
| 007 | ta | ||
| 008 | 230426e1999 dr a|||gr|||| 000 u spa d | ||
| 040 |
_aDO-SdBNP _bspa _cBNPHU _erda |
||
| 082 | 4 |
_222 _bR426d |
|
| 245 | 0 | 0 |
_aLa República Dominicana hacia el nuevo siglo. / _cLeonel Fernández |
| 264 | 3 | 0 |
_aSanto Domingo : _bDirección de Información y prensa de la Presidencia, _bAlfa y Omega _c1999 |
| 300 |
_a53 páginas : _bIlustraciones, fotografías ; _c21 cm |
||
| 590 | _aInventariado 2023 / MF | ||
| 942 |
_2ddc _cLBS1 |
||
| 999 |
_c53352 _d53352 |
||